| 000 | 01366nam a22003497a 4500 | ||
|---|---|---|---|
| 003 | CHAP | ||
| 005 | 20220329134032.0 | ||
| 008 | 971013s1980 r 00010 d | ||
| 010 | _a14431 | ||
| 011 | _a15403 | ||
| 035 | _a19479 | ||
| 040 | _cCHAP | ||
| 090 | _aTesis | ||
| 100 | 0 | 0 |
_aGonzález Vázquez, Francisco Javier. _949493 |
| 245 | _aExploración sobre la dinámica de las poblaciones de la fauna insectil en jojoba Simmondsia chinensis (Link) Scheneider bajo condiciones silvestres y domesticación en la Costa de Hermosillo, Son. | ||
| 260 |
_a(Monterrey, N.L.) : _bEl autor, _c1980 |
||
| 300 |
_a125 h. _b: ilus. : gráfs. ; mapa |
||
| 502 | _aTesis (M.C. Esp. en Parasitología Agrícola) -- ITESM. DIiv. de Ciencias Agropecuarias y Marítimas. Programa de Graduados | ||
| 590 |
_aALEPH _b10 _c20130110 _lUCH01 _h1235 |
||
| 590 |
_aBATCH-UPD _b10 _c20130109 _lUCH01 _h2340 |
||
| 590 |
_aBATCH-UPD _b10 _c20130110 _lUCH01 _h0134 |
||
| 590 |
_aBATCH-UPD _b10 _c20130110 _lUCH01 _h2054 |
||
| 590 |
_aBATCH-UPD _b10 _c20130409 _lUCH01 _h1909 |
||
| 590 |
_aBATCH-UPD _b10 _c20130914 _lUCH01 _h1311 |
||
| 590 |
_aCONVERSION _b10 _c20130109 _lUCH01 _h1309 |
||
| 650 | 1 | 4 |
_aEntomología económica. _937145 |
| 650 | 1 | 4 |
_aJojoba _xPlagas. _961945 |
| 650 | 1 | 4 |
_aPlantas e insectos. _988939 |
| 901 | _aBK | ||
| 942 | _cTESIS | ||
| 949 |
_bBC _cTES _d-45354 _eTS1 _i19479 _si |
||
| 999 |
_c14431 _d14431 |
||